Derecho de la información (Registro nro. 150312)
[ vista simple ]
| 000 -LEADER | |
|---|---|
| fixed length control field | nam a22 7a 4500 |
| 005 - DATE AND TIME OF LATEST TRANSACTION | |
| control field | 20190815113100.0 |
| 008 - FIXED-LENGTH DATA ELEMENTS--GENERAL INFORMATION | |
| fixed length control field | 190812b sp ||||| |||| 00| 0 spa d |
| 020 ## - INTERNATIONAL STANDARD BOOK NUMBER | |
| International Standard Book Number | 8497723082 |
| 050 04 - LIBRARY OF CONGRESS CALL NUMBER | |
| Classification number | KKT2476 |
| Item number | E83 2004 |
| 100 1# - MAIN ENTRY--PERSONAL NAME | |
| Personal name | Escobar de la Serna, Luis, |
| Dates associated with a name | 1936-2004, |
| 245 10 - TITLE STATEMENT | |
| Title | Derecho de la información |
| Statement of responsibility, etc | / Luis Escobar de la Serna. |
| 250 ## - EDITION STATEMENT | |
| Edition statement | 3a ed. |
| 260 ## - PUBLICATION, DISTRIBUTION, ETC. (IMPRINT) | |
| Place of publication, distribution, etc | México : |
| Name of publisher, distributor, etc | Dykinson, |
| Date of publication, distribution, etc | 2004. |
| 300 ## - PHYSICAL DESCRIPTION | |
| Extent | 842 p. ; |
| Dimensions | 25 cm. |
| 504 ## - BIBLIOGRAPHY, ETC. NOTE | |
| Bibliography, etc | Bibliografía : p.789-842. |
| 650 #7 - SUBJECT ADDED ENTRY--TOPICAL TERM | |
| Source of heading or term | lemb |
| Topical term or geographic name as entry element | Libertad de información |
| Geographic subdivision | España |
| 650 #7 - SUBJECT ADDED ENTRY--TOPICAL TERM | |
| Topical term or geographic name as entry element | Libertad de prensa |
| Geographic subdivision | España |
| 942 ## - ADDED ENTRY ELEMENTS (KOHA) | |
| Source of classification or shelving scheme | Biblioteca del Cogreso de los Estados Unidos |
| Koha item type | Libro |
| Estado de pérdida | Fuente de clasificación | Estado del daño | No para préstamo | Ubicación permanente | Ubicación actual | Apartado o colección | Fecha de adquisición | Edición | Dependencia de educación superior (DES) | Área del conocimiento | Clasificación | Código de Barras | Date last seen | Número de copia | Costo por reposición | Tipo de recurso | Fuente de adquisición |
|---|---|---|---|---|---|---|---|---|---|---|---|---|---|---|---|---|---|
| Biblioteca del Cogreso de los Estados Unidos | Biblioteca del Posgrado en Derecho | Biblioteca del Posgrado en Derecho | General | 12/08/2019 | 3a ed. | Derecho | Ciencias Sociales y Administrativas | KKT2476 E83 2004 | BPD000000738 | 12/08/2019 | 2 | 1.00 | Libro | ||||
| Biblioteca del Cogreso de los Estados Unidos | Biblioteca del Posgrado en Derecho | Biblioteca del Posgrado en Derecho | General | 13/08/2019 | 3a ed. | Derecho | Ciencias Sociales y Administrativas | KKT2476 E83 2004 | BPD000000740 | 13/08/2019 | 3 | 1.00 | Libro | ||||
| Biblioteca del Cogreso de los Estados Unidos | Biblioteca del Posgrado en Derecho | Biblioteca del Posgrado en Derecho | Colección Ernesto Villanueva | 15/08/2019 | 3a ed. | Derecho | Ciencias Sociales y Administrativas | KKT2476 E83 2004 | BPD000000030 | 15/08/2019 | 1 | 1.00 | Libro | Donación | |||
| Biblioteca del Cogreso de los Estados Unidos | Biblioteca del Posgrado en Derecho | Biblioteca del Posgrado en Derecho | General | 15/08/2019 | 3a ed. | Derecho | Ciencias Sociales y Administrativas | KKT2476 E83 2004 | BPD000000753 | 15/08/2019 | 4 | 1.00 | Libro |